000 00501nam a22001937a 4500
003 EC-GqESP
005 20260415142649.0
008 260415b |||||||| |||| 00| 0 eng d
041 _aspa
082 _a330.05
_pDIN
110 _aDINEDICIONES
245 _aGestión, economía y sociedad
260 _aQuito
_bDidenciones
_c2006
300 _a2006 (139-150)
_bilustraciones
_c28 cm.
650 _aEconomía
650 _aAspectos sociales
650 _aAdminsitración de empresa
942 _c01
999 _c238332
_d238332